Space in Japan: 1971
Enregistré dans:
| Collectivité auteur: | |
|---|---|
| Format: | Livre |
| Langue: | Undetermined |
| Publié: |
Tokyo
Science and Technology Agency, Prime Minister’s Office
1978
|
| Sujets: | |
| Tags: |
Ajouter un tag
Pas de tags, Soyez le premier à ajouter un tag!
|
| Thư viện lưu trữ: | Trung tâm Học liệu Trường Đại học Cần Thơ |
|---|
| LEADER | 00564nam a2200217Ia 4500 | ||
|---|---|---|---|
| 001 | CTU_94152 | ||
| 008 | 210402s9999 xx 000 0 und d | ||
| 082 | |a 629.4 | ||
| 082 | |b K27 | ||
| 110 | |a Keidanren | ||
| 245 | 0 | |a Space in Japan: | |
| 245 | 0 | |b 1971 | |
| 245 | 0 | |c Keidanren | |
| 260 | |a Tokyo | ||
| 260 | |b Science and Technology Agency, Prime Minister’s Office | ||
| 260 | |c 1978 | ||
| 650 | |a Astronautics,Astronautics | ||
| 650 | |x Research | ||
| 650 | |z Japan,Japan | ||
| 904 | |i Năm | ||
| 980 | |a Trung tâm Học liệu Trường Đại học Cần Thơ | ||